Statistics for Bayern Munich scorers in Bundesliga 2014-2015

Click here to take the quiz!

General Stats

  • This quiz has been taken 177 times
  • The average score is 10 of 14

Answer Stats

PlayerGoals% Correct
Arjen Robben17
97%
Robert Lewandowski17
96%
Thomas Müller13
94%
Franck Ribéry5
94%
Mario Götze9
81%
David Alaba2
80%
Philipp Lahm2
78%
Bastian Schweinsteiger5
74%
Xabi Alonso2
68%
Mehdi Benatia1
59%
Juan Bernat1
45%
Sebastian Rode2
39%
Xherdan Shaqiri1
26%
Mitchell Weiser1
24%

Score Distribution

Percentile by Number Answered

Percent of People with Each Score

Your Score History

You have not taken this quiz